| 000 | 33546nas1a22020051i 4500 | ||
|---|---|---|---|
| 001 | RU\NLR\INFOCOMM18\1000237352 | ||
| 005 | 20240726053654.0 | ||
| 011 | _a0135-597X | ||
| 035 | _a(NLR Aleph) 002427919 | ||
| 090 |
_a1966263 _c1966263 |
||
| 100 | _a20050126c1960 |||y0rusy50 ca | ||
| 101 | 0 | _arus | |
| 102 | _aRU | ||
| 110 | _aayu||||0|y0 | ||
| 200 | 1 |
_aЧерная металлургия _eОбзор. информ. _hСерия 16 _iПромышленный транспорт _fЦНИИ информации и техн.-экон. исслед. черной металлургии |
|
| 210 |
_aМ. _d1960- |
||
| 300 | _aВ надзаг. также: М-во черной металлургии СССР | ||
| 311 | _aПо 1959 выходило под загл.: Информация/ Центр. ин-т информации черной металлургии (Шифр П11/669) | ||
| 311 | _aПрекр. на вып.3 1979. С 1980 вместо данной серии, ... Серии 17. Служба и ремонт механического оборудования на металлургических заводах (Шифр: П11/2777) и ... Серии 21. Порошковая металлургия (Шифр: П10/5668) выходит: ... Серия 28. Общеотраслевые вопросы (Шифр: П10/5760). Возобновл. с 1983 | ||
| 430 | 0 |
_12001#$aИнформация$fЦентр. ин-т информации черной металлургии _1852##$aNLR$jП11/669 _tИнформация |
|
| 430 | 0 |
_12001#$aИнформация$hСерия 9$iВнутризаводской транспорт металлургических и горнорудных предприятий _tИнформация |
|
| 430 | 0 |
_12001#$aИнформация$hСерия 11$iВнутризаводской и внутрикарьерный транспорт предприятий черной металлургии _tИнформация |
|
| 430 | 0 |
_12001#$aИнформация$hСерия 11$iВнутризаводской и внутрикарьерный транспорт _tИнформация |
|
| 430 | 0 |
_12001#$aСерия 13$iВнутризаводской и внутрикарьерный транспорт предприятий черной металлургии _tСерия 13 |
|
| 430 | 0 |
_12001#$aИнформация$hСерия 13$iВнутризаводской и внутрикарьерный транспорт черной металлургии _tИнформация |
|
| 430 | 0 |
_12001#$aИнформация$hСерия 13$iВнутризаводской и внутрикарьерный транспорт _tИнформация |
|
| 430 | 0 |
_12001#$aИнформация$hСерия 15$iВнутризаводской и внутрикарьерный транспорт предприятий черной металлургии _tИнформация |
|
| 430 | 0 |
_12001#$aИнформация$hСерия 15$iВнутризаводской и внутрикарьерный транспорт _tИнформация |
|
| 430 | 0 |
_12001#$aИнформация$hСерия 16$iВнутризаводской и внутрикарьерный транспорт _tИнформация |
|
| 430 | 0 |
_12001#$aПромышленный транспорт _tПромышленный транспорт |
|
| 430 | 0 |
_12001#$aОбзорная информация$hСерия 16$iПромышленный транспорт _tОбзорная информация |
|
| 430 | 0 |
_12001#$aЭкспресс-информация$hСерия 16$iПромышленный транспорт _tЭкспресс-информация |
|
| 440 | 0 |
_12001#$aЧерная металлургия$iСерия "Промышленный транспорт" _tЧерная металлургия |
|
| 442 | 0 |
_12001#$aЧерная металлургия$hСерия 28$iОбщеотраслевые вопросы _1852##$aNLR$jП10/5760 _tЧерная металлургия |
|
| 801 | 1 |
_aRU _bInfoComm _c20050126 |
|
| 801 | 0 |
_aRU _bNLR _gPSBO |
|
| 852 |
_aNLR _jП11/1946 |
||
| 852 |
_aNLR _jФГО |
||
| 931 | _9^^ | ||
| 931 | _9^^ | ||
| 942 | _cJOURNAL | ||
| 980 | _aRUSPER | ||